| 000 | 00368nam a22001457a 4500 | ||
|---|---|---|---|
| 999 |
_c15686 _d15686 |
||
| 003 | OSt | ||
| 008 | 190528b ||||| |||| 00| 0 eng d | ||
| 020 | _a9788189304164 | ||
| 082 |
_a623.893 _bGAN/GP |
||
| 100 |
_aGanesh, A _94178 |
||
| 245 | _aGPS Principles and Applications | ||
| 260 |
_aDelhi _bSatish Serial Publishing House _c2019 |
||
| 300 | _a176 p. | ||
| 942 | _cBK | ||